LEADER 01503nam a2200265 4500 001 000000345759 003 CaOOAMICUS 005 20210505115028.0 008 210504s2016 it a 000 u ita r 040 $aSeMil$bita 110 0 $aSantuario di Fatima.$0(OLS)http://semarc/name/113766 245 10$aDocumentazione critica su Fatima :$bselezione di documenti (1917-1930) /$cSantuario di Fatima ; [presentazione di don Carlos Cabecinhas ; introduzione di Adélio Fernando Abreu]. 264 1$aCittà del Vaticano :$bPontificia accademia Mariana Internationalis,$c2016. 300 $a703 p. :$bill. ;$c23 cm 500 $aTesto italiano revisionato dalla Pontificia Academia Mariana Internationalis e da Luciano Coelho Cristino 650 4$aMadonna - Apparizioni - Fatima - Storia - Fonti documentarie.$0(OLS)http://semarc/subject/901 700 1 $aCabecinhas, Carlos,$d<1970- >.$0(OLS)http://semarc/name/113414 700 1 $aAbreu, Adélio Fernando,$d<1970- >.$0(OLS)http://semarc/name/113767 775 0 $tSeleção de documentos (1917-1930).$epor$fpo $w()345782 850 $aSeMil 852 $aSeMil$W1$xVenegono$y1$m2L V 45$j225945$B236818$CSeMilBibl$Z2$F236818 $81 961 $aPerego don Stefano - Omaggio 996 $6245$aDocumentazione critica su Fatima :$bselezione di documenti (1917-1930)$9(OLS)http://semarc/title/434920 996 $6264$aCittà del Vaticano :$bPontificia accademia Mariana Internationalis$9(OLS)http://semarc/publisher/59761 LEADER 01118nam a2200241 i 4500 001 000000193043 003 CaOOAMICUS 005 20101009000000.0 008 101009s1975 it u000 u ita u 013 $a171682 040 $aSeMil$bita 100 1 $aTrosa, Dionisia.$0(OLS)http://semarc/name/70329 245 10$aProlegomeni alla spiritualità di Santa Caterina de' Ricci /$cDionisia Trosa ; con la collaborazione di P. Domenico Guglielmo M. Di Agresti op. 260 $aFirenze :$bLeo S. Olschki,$c1975. 300 $a286 p. ;$c26 cm. 490 0 $aCollana ricciana. Fonti ;$v7.3 600 04$aCaterina : de' Ricci .$0(OLS)http://semarc/subject/2073 700 1 $aDi Agresti, Guglielmo.$0(OLS)http://semarc/name/5987 830 0$aCollana ricciana. Fonti ;$v7.3.$0(OLS)http://semarc/title/16716 850 $aSeMil 852 $aSeMil$W1$xVenegono$y1$m3J IV 209/3$j143617$B143617$CSeMilBibl$Z2$F155171 $81 996 $6245$aProlegomeni alla spiritualità di Santa Caterina de' Ricci$9(OLS)http://semarc/title/278263 996 $6260$aFirenze :$bLeo S. Olschki$9(OLS)http://semarc/publisher/29957